书目信息 |
| 题名: |
全球最美的100个地方
|
|
| 作者: | ;墨刻编辑部 编著 | |
| 分册: | ||
| 出版信息: | 北京 人民邮电出版社 2012.01 |
|
| 页数: | 231页 | |
| 开本: | 24cm | |
| 丛书名: | ||
| 单 册: | ||
| 中图分类: | K919.1 | |
| 科图分类: | ||
| 主题词: | 旅游指南--世界 , 旅游指南 | |
| 电子资源: | ||
| ISBN: | 978-7-115-26478-7 | |
| 000 | 00988nam0 2200277 450 | |
| 001 | 010010088498 | |
| 005 | 20130608095217.65 | |
| 010 | @a978-7-115-26478-7@dCNY36.00 | |
| 035 | @a005616235 | |
| 100 | @a20120216d2012 em y0chiy0110 ea | |
| 101 | 0 | @achi |
| 102 | @aCN@b110000 | |
| 105 | @aab z 000yy | |
| 200 | 1 | @a全球最美的100个地方@9quan qiu zui mei de 100 ge di fang@f墨刻编辑部编著 |
| 210 | @a北京@c人民邮电出版社@d2012.01 | |
| 215 | @a231页@c彩图,地图@d24cm | |
| 305 | @a经城邦文化事业股份有限公司墨刻出版事业部独家授权 | |
| 312 | @a封面英文题名:The world's most beautiful 100 places | |
| 330 | @a本书介绍了世界上最美丽的100处景观,这些景观既包括古代世界七大奇迹,也包括中世纪世界七大奇迹,还包括21世纪网络世界评选出来的世界奇迹。 | |
| 510 | 1 | @aWorld's most beautiful 100 places@zeng |
| 606 | 0 | @a旅游指南@y世界 |
| 606 | 0 | @a旅游指南 |
| 690 | @aK919.1@v5 | |
| 711 | 02 | @a墨刻编辑部@9mo ke bian ji bu@4编著 |
| 801 | 0 | @aCN@bNLC@c20120301 |
| 905 | @dK919.1@e205 | |
| 全球最美的100个地方/墨刻编辑部编著.-北京:人民邮电出版社,2012.01 |
| 231页:彩图,地图;24cm |
| ISBN 978-7-115-26478-7:CNY36.00 |
| 本书介绍了世界上最美丽的100处景观,这些景观既包括古代世界七大奇迹,也包括中世纪世界七大奇迹,还包括21世纪网络世界评选出来的世界奇迹。 |
| ● |
| 相关链接 |
|
|
|
|
正题名:全球最美的100个地方
索取号:K919.1/205
 
预约/预借
| 序号 | 登录号 | 条形码 | 馆藏地/架位号 | 状态 | 备注 |
| 1 | 0543316 | 205433164 | 第二样本阅览室/ [索取号:K919.1/205] | 在馆 | |
| 2 | 0543317 | 205433173 | 第二借阅区/ [索取号:K919.1/205] | 在馆 | |
| 3 | 0543318 | 205433182 | 第二借阅区/ [索取号:K919.1/205] | 在馆 | |
| 4 | 0543319 | 205433191 | 密集书库-资源管理系/ [索取号:K919.1/205] | 在馆 | |
| 5 | 0543320 | 205433208 | 第二借阅区/ [索取号:K919.1/205] | 在馆 |